Spoločný trh a ekonomická sloboda

Informácia o výhodách krajín strednej a východnej Európy po vstupe do Európskej únie. Spoločná poľnohospodárska politika ako jedna z najproblematickejších oblastí EÚ. Dotačná politika. Ekonomická sloboda a spoločný trh.

Enregistré dans:
Détails bibliographiques
Auteur principal: Kišš, Štefan
Format: Chapitre de livre
Langue:slovaque
Sujets:
Tags: Ajouter un tag
Pas de tags, Soyez le premier à ajouter un tag!

MARC

LEADER 00000naa$a2200000$$$4500
001 0002535
005 20230925124029.3
041 0 |a slo 
044 |a SK 
245 1 0 |a Spoločný trh a ekonomická sloboda  |c aut. Štefan Kišš 
520 |a Informácia o výhodách krajín strednej a východnej Európy po vstupe do Európskej únie. Spoločná poľnohospodárska politika ako jedna z najproblematickejších oblastí EÚ. Dotačná politika. Ekonomická sloboda a spoločný trh. 
610 2 0 |a politika poľnohospodárska 
610 2 0 |a Európska únia 
610 2 0 |a sloboda ekonomická 
610 2 0 |a trh spoločný 
610 2 0 |a SVE 
610 2 0 |a centralizácia 
100 1 |a Kišš, Štefan